| 000 | 00414pab a2200169 454500 | ||
|---|---|---|---|
| 008 | 180718b2010 xxu||||| |||| 00| 0 eng d | ||
| 100 | _aPathak, Suryasikha | ||
| 245 | _aTribal politics in the Assam: 1933-1947 | ||
| 260 | _c2010 | ||
| 300 | _ap.61-69. | ||
| 362 | _a6 Mar | ||
| 650 | _aTribes - India - Assam | ||
| 650 | _aTribes | ||
| 773 | _aEconomic and Political Weekly | ||
| 908 | _aN | ||
| 909 | _a85662 | ||
| 999 |
_c85662 _d85662 |
||